Scientific method and social research (Record no. 9433)

MARC details
000 -LEADER
fixed length control field 00477cam a2200205ua 4500
001 - CONTROL NUMBER
control field 10456
005 - DATE AND TIME OF LATEST TRANSACTION
control field 20260515114626.0
008 - FIXED-LENGTH DATA ELEMENTS--GENERAL INFORMATION
fixed length control field 190225n ii |||gr||||Z||||||eng
020 ## - INTERNATIONAL STANDARD BOOK NUMBER
International Standard Book Number 9788120757905
040 ## - CATALOGING SOURCE
Transcribing agency MAIN
041 ## - LANGUAGE CODE
Language code of text/sound track or separate title eng
082 ## - DEWEY DECIMAL CLASSIFICATION NUMBER
Classification number 300.072
100 ## - MAIN ENTRY--PERSONAL NAME
Personal name BN Ghosh,
Relator term Author.
245 ## - TITLE STATEMENT
Title Scientific method and social research
250 ## - EDITION STATEMENT
Edition statement 4th ed.
260 ## - PUBLICATION, DISTRIBUTION, ETC.
Place of publication, distribution, etc. New Delhi:
Name of publisher, distributor, etc. Sterling,
Date of publication, distribution, etc. 2015.
300 ## - PHYSICAL DESCRIPTION
Extent 331p.
653 ## - INDEX TERM--UNCONTROLLED
Uncontrolled term Social sciences
942 ## - ADDED ENTRY ELEMENTS (KOHA)
Koha item type Books
Holdings
Withdrawn status Lost status Damaged status Not for loan Home library Current library Shelving location Date acquired Total checkouts Full call number Barcode Date last seen Date last checked out Copy number Price effective from Koha item type
        Naharkatiya College Library Naharkatiya College Library General stacks 09/19/2020 1 300.072 | GHO 24205 03/22/2021 03/22/2021 1 09/19/2020 Books
        Naharkatiya College Library Naharkatiya College Library General stacks 09/19/2020 1 300.072 | GHO 24206 07/05/2024 06/29/2024 2 09/19/2020 Books